FIFA World Cup Semi-Finalist - Multiple Choice - Statistics

General Stats
  • This quiz has been taken 104 times
  • The average score is 7 of 10
Answer Stats
Question Answer % Correct
Is located in Africa Morocco
100%
Lisandro Martinez plays for this country Argentina
93%
Was the first to win the World Cup Argentina
93%
Reached the Semi-finals of the World Cup for the first time Morocco
93%
Kit colours are red and white Croatia
86%
Did not place first in the group stage Croatia
64%
Home to the current top goal scorer this tournament France
57%
Highest ranked in FIFA Argentina
50%
Only team to have conceded a goal in every game in this World Cup so far France
29%
Has not lost in the longest amount of time coming into the semi-finals Morocco
14%
No matching quizzes found
Score Distribution
Percent of People with Each Score
Percentile by Number Answered
Your Score History
You have not taken this quiz